Alle 10k+ Städte und Gemeinden in Deutschland auf einer Karte - Statistiken

Allgemein
  • Dieses Quiz wurde 7.783 mal gespielt
  • Das Durchschnittsergebnis liegt bei 280 aus 1599
Antworten auf der Karte
Die Antworten werden auf der Karte rot bzw. grün angezeigt, abhängig davon wie oft sie richtig erraten wurden.
 
Antwortstatistiken
Bundesland Einwohnerzahl Stadt, Gemeinde etc.
% Korrekt
Berlin 3.669.491 Berlin
83%
Hamburg 1.847.253 Hamburg
81%
Hessen 763.380 Frankfurt am Main
79%
Brandenburg 57.751 Frankfurt an der Oder
79%
Bayern 1.484.226 München
79%
Bremen 567.559 Bremen
78%
Schleswig-Holstein 246.794 Kiel
77%
Nordrhein-Westfalen 1.087.863 Köln
76%
Sachsen 556.780 Dresden
75%
Sachsen 593.145 Leipzig
74%
Nordrhein-Westfalen 621.877 Düsseldorf
73%
Baden-Württemberg 635.911 Stuttgart
73%
Nordrhein-Westfalen 588.250 Dortmund
72%
Niedersachsen 536.925 Hannover
72%
Bayern 518.370 Nürnberg
72%
Saarland 180.374 Saarbrücken
72%
Baden-Württemberg 231.195 Freiburg im Breisgau
71%
Rheinland-Pfalz 218.578 Mainz
71%
Bremen 113.643 Bremerhaven
70%
Thüringen 213.981 Erfurt
70%
Brandenburg 180.334 Potsdam
70%
Mecklenburg-Vorpommern 209.191 Rostock
70%
Nordrhein-Westfalen 248.960 Aachen
69%
Nordrhein-Westfalen 582.760 Essen
69%
Schleswig-Holstein 90.164 Flensburg
69%
Schleswig-Holstein 21.852 Heide
68%
Sachsen-Anhalt 237.565 Magdeburg
68%
Hessen 15.166 Ober-Ramstadt
68%
Mecklenburg-Vorpommern 95.653 Schwerin
68%
Bayern 296.582 Augsburg
67%
Thüringen 111.343 Jena
67%
Schleswig-Holstein 216.530 Lübeck
67%
Nordrhein-Westfalen 329.673 Bonn
66%
Sachsen 246.334 Chemnitz
66%
Hessen 202.137 Kassel
66%
Baden-Württemberg 310.658 Mannheim
66%
Bayern 10.988 Regen
66%
Baden-Württemberg 126.790 Ulm
66%
Nordrhein-Westfalen 498.686 Duisburg
65%
Niedersachsen 15.160 Munster
65%
Nordrhein-Westfalen 315.293 Münster
65%
Hessen 14.689 Münster (Hessen)
65%
Bayern 153.094 Regensburg
65%
Hessen 278.474 Wiesbaden
65%
Nordrhein-Westfalen 334.195 Bielefeld
64%
Sachsen-Anhalt 238.762 Halle
64%
Nordrhein-Westfalen 21.577 Halle (Westf.)
64%
Nordrhein-Westfalen 365.587 Bochum
63%
Baden-Württemberg 312.060 Karlsruhe
63%
Niedersachsen 124.371 Wolfsburg
63%
Bayern 127.934 Würzburg
63%
Niedersachsen 249.406 Braunschweig
62%
Brandenburg 99.678 Cottbus
62%
Bayern 128.497 Fürth
62%
Hessen 10.568 Fürth
62%
Nordrhein-Westfalen 259.645 Gelsenkirchen
62%
Bayern 137.392 Ingolstadt
62%
Rheinland-Pfalz 111.528 Trier
62%
Rheinland-Pfalz 114.052 Koblenz
61%
Baden-Württemberg 10.028 Königsbach-Stein
61%
Niedersachsen 169.077 Oldenburg
61%
Niedersachsen 165.251 Osnabrück
61%
Brandenburg 72.184 Brandenburg an der Havel
60%
Bayern 52.803 Passau
60%
Nordrhein-Westfalen 355.100 Wuppertal
60%
Hessen 159.878 Darmstadt
59%
Thüringen 93.125 Gera
59%
Nordrhein-Westfalen 179.916 Hamm
59%
Baden-Württemberg 161.485 Heidelberg
59%
Bayern 45.825 Hof
59%
Rheinland-Pfalz 100.030 Kaiserslautern
59%
Nordrhein-Westfalen 163.729 Leverkusen
59%
Niedersachsen 118.911 Göttingen
58%
Baden-Württemberg 84.911 Konstanz
57%
Rheinland-Pfalz 172.253 Ludwigshafen am Rhein
57%
Nordrhein-Westfalen 151.633 Paderborn
57%
Nordrhein-Westfalen 261.034 Mönchengladbach
56%
Hessen 130.280 Offenbach am Main
56%
Sachsen 88.690 Zwickau
56%
Bayern 71.002 Aschaffenburg
55%
Bayern 77.373 Bamberg
55%
Niedersachsen 48.164 Cuxhaven
55%
Nordrhein-Westfalen 188.686 Hagen
55%
Niedersachsen 13.475 Hagen am Teutoburger Wald
55%
Niedersachsen 10.947 Hagen im Bremischen
55%
Nordrhein-Westfalen 210.764 Oberhausen
55%
Baden-Württemberg 12.197 Titisee-Neustadt
55%
Thüringen 65.228 Weimar
55%
Baden-Württemberg 55.185 Baden-Baden
54%
Bayern 74.783 Bayreuth
54%
Bayern 112.528 Erlangen
54%
Bayern 13.259 Neustadt a.d. Aisch
54%
Bayern 14.604 Neustadt a.d. Donau
54%
Niedersachsen 44.386 Neustadt am Rübenberge
54%
Rheinland-Pfalz 53.264 Neustadt an der Weinstraße
54%
Bayern 15.173 Neustadt b. Coburg
54%
Schleswig-Holstein 15.043 Neustadt in Holstein
54%
Sachsen 12.097 Neustadt in Sachsen
54%
Niedersachsen 49.913 Emden
53%
Hessen 68.635 Fulda
53%
Mecklenburg-Vorpommern 59.232 Greifswald
53%
Baden-Württemberg 126.592 Heilbronn
53%
Nordrhein-Westfalen 227.417 Krefeld
53%
Nordrhein-Westfalen 102.770 Siegen
53%
Baden-Württemberg 68.393 Aalen
52%
Nordrhein-Westfalen 52.503 Ahlen
52%
Nordrhein-Westfalen 111.846 Bergisch Gladbach
52%
Hessen 89.802 Gießen
52%
Sachsen 55.980 Görlitz
52%
Niedersachsen 101.693 Hildesheim
52%
Baden-Württemberg 125.957 Pforzheim
52%
Bayern 63.551 Rosenheim
52%
Nordrhein-Westfalen 156.449 Herne
51%
Niedersachsen 75.711 Lüneburg
51%
Hessen 77.129 Marburg
51%
Bayern 58.978 Neu-Ulm
51%
Niedersachsen 104.291 Salzgitter
51%
Bayern 53.426 Schweinfurt
51%
Nordrhein-Westfalen 159.245 Solingen
51%
Mecklenburg-Vorpommern 59.418 Stralsund
51%
Baden-Württemberg 91.506 Tübingen
51%
Niedersachsen 76.089 Wilhelmshaven
51%
Nordrhein-Westfalen 96.459 Witten
51%
Mecklenburg-Vorpommern 63.761 Neubrandenburg
50%
Baden-Württemberg 115.865 Reutlingen
50%
Nordrhein-Westfalen 117.565 Bottrop
49%
Baden-Württemberg 61.283 Friedrichshafen
49%
Nordrhein-Westfalen 100.861 Gütersloh
49%
Baden-Württemberg 49.573 Heidenheim an der Brenz
49%
Schleswig-Holstein 80.196 Neumünster
49%
Baden-Württemberg 50.897 Ravensburg
49%
Nordrhein-Westfalen 111.397 Recklinghausen
49%
Rheinland-Pfalz 83.542 Worms
49%
Sachsen-Anhalt 22.406 Burg
48%
Bayern 27.215 Garmisch-Partenkirchen
48%
Hessen 96.492 Hanau
48%
Bayern 69.151 Kempten (Allgäu)
48%
Baden-Württemberg 93.584 Ludwigsburg
48%
Baden-Württemberg 19.077 Müllheim
48%
Nordrhein-Westfalen 153.896 Neuss
48%
Saarland 34.522 Saarlouis
48%
Niedersachsen 69.540 Celle
47%
Bayern 41.072 Coburg
47%
Sachsen-Anhalt 80.103 Dessau-Roßlau
47%
Baden-Württemberg 85.707 Villingen-Schwenningen
47%
Mecklenburg-Vorpommern 42.963 Wismar
47%
Bayern 25.512 Lindau
46%
Nordrhein-Westfalen 170.632 Mülheim an der Ruhr
46%
Rheinland-Pfalz 11.215 Mülheim-Kärlich
46%
Sachsen 38.425 Bautzen
45%
Thüringen 42.250 Eisenach
45%
Baden-Württemberg 94.145 Esslingen am Neckar
45%
Bayern 73.411 Landshut
45%
Bayern 44.100 Memmingen
45%
Nordrhein-Westfalen 81.716 Minden
45%
Bayern 47.721 Dachau
44%
Nordrhein-Westfalen 91.216 Düren
44%
Niedersachsen 50.554 Goslar
44%
Saarland 41.875 Homburg
44%
Brandenburg 37.639 Königs Wusterhausen
44%
Baden-Württemberg 59.967 Offenburg
44%
Bayern 41.798 Ansbach
43%
Hessen 38.229 Langen
43%
Nordrhein-Westfalen 103.902 Moers
43%
Nordrhein-Westfalen 111.338 Remscheid
43%
Rheinland-Pfalz 50.561 Speyer
43%
Bayern 14.128 Stein
43%
Sachsen-Anhalt 45.752 Wittenberg
43%
Sachsen-Anhalt 38.159 Bitterfeld-Wolfen
42%
Thüringen 45.419 Gotha
42%
Niedersachsen 57.434 Hameln
42%
Sachsen 64.597 Plauen
42%
Bayern 25.238 Roth
42%
Nordrhein-Westfalen 58.936 Unna
42%
Niedersachsen 77.559 Delmenhorst
41%
Sachsen 40.657 Freiberg
41%
Baden-Württemberg 15.924 Freiberg am Neckar
41%
Bayern 21.476 Haar
41%
Schleswig-Holstein 13.689 Sylt
41%
Baden-Württemberg 30.150 Weil am Rhein
41%
Baden-Württemberg 19.220 Weil der Stadt
41%
Baden-Württemberg 10.059 Weil im Schönbuch
41%
Baden-Württemberg 50.161 Böblingen
40%
Baden-Württemberg 49.291 Lörrach
40%
Sachsen 28.282 Meißen
40%
Niedersachsen 47.703 Stade
40%
Niedersachsen 40.193 Buxtehude
39%
Bayern 36.437 Erding
39%
Baden-Württemberg 57.813 Göppingen
39%
Nordrhein-Westfalen 92.174 Iserlohn
39%
Nordrhein-Westfalen 52.388 Kleve
39%
Bayern 13.562 Landau a.d. Isar
39%
Rheinland-Pfalz 46.881 Landau in der Pfalz
39%
Hessen 35.514 Limburg an der Lahn
39%
Nordrhein-Westfalen 13.165 Neunkirchen
39%
Saarland 46.179 Neunkirchen
39%
Nordrhein-Westfalen 19.679 Neunkirchen-Seelscheid
39%
Schleswig-Holstein 79.357 Norderstedt
39%
Rheinland-Pfalz 40.231 Pirmasens
39%
Baden-Württemberg 35.399 Sinsheim
39%
Thüringen 36.789 Suhl
39%
Hessen 10.593 Wald-Michelbach
39%
Bayern 49.126 Freising
38%
Niedersachsen 34.786 Leer
38%
Nordrhein-Westfalen 67.952 Lippstadt
38%
Niedersachsen 35.313 Meppen
38%
Baden-Württemberg 64.905 Sindelfingen
38%
Sachsen-Anhalt 39.103 Stendal
38%
Bayern 47.791 Straubing
38%
Bayern 42.207 Amberg
37%
Niedersachsen 42.040 Aurich
37%
Niedersachsen 13.430 Bergen
37%
Mecklenburg-Vorpommern 13.478 Bergen auf Rügen
37%
Thüringen 41.726 Nordhausen
37%
Schleswig-Holstein 43.667 Pinneberg
37%
Baden-Württemberg 43.843 Rottenburg am Neckar
37%
Baden-Württemberg 40.538 Schwäbisch Hall
37%
Nordrhein-Westfalen 47.514 Soest
37%
Hessen 52.955 Wetzlar
37%
Rheinland-Pfalz 34.193 Zweibrücken
37%
Thüringen 31.633 Altenburg
36%
Sachsen 20.353 Aue-Bad Schlema
36%
Rheinland-Pfalz 51.170 Bad Kreuznach
36%
Nordrhein-Westfalen 74.254 Detmold
36%
Nordrhein-Westfalen 66.638 Herford
36%
Niedersachsen 49.990 Peine
36%
Baden-Württemberg 49.918 Rastatt
36%
Baden-Württemberg 36.102 Tuttlingen
36%
Niedersachsen 33.536 Uelzen
36%
Nordrhein-Westfalen 77.102 Viersen
36%
Nordrhein-Westfalen 60.230 Wesel
36%
Hessen 54.227 Bad Homburg vor der Höhe
35%
Nordrhein-Westfalen 71.113 Bocholt
35%
Niedersachsen 35.451 Cloppenburg
35%
Nordrhein-Westfalen 58.381 Euskirchen
35%
Brandenburg 44.862 Oranienburg
35%
Nordrhein-Westfalen 87.520 Ratingen
35%
Nordrhein-Westfalen 76.218 Rheine
35%
Hessen 65.881 Rüsselsheim am Main
35%
Baden-Württemberg 61.137 Schwäbisch Gmünd
35%
Bayern 42.743 Weiden in der Oberpfalz
35%
Niedersachsen 52.165 Wolfenbüttel
35%
Rheinland-Pfalz 25.899 Bingen am Rhein
34%
Nordrhein-Westfalen 28.808 Höxter
34%
Bayern 44.398 Kaufbeuren
34%
Nordrhein-Westfalen 72.313 Lüdenscheid
34%
Nordrhein-Westfalen 86.348 Lünen
34%
Nordrhein-Westfalen 84.067 Marl
34%
Rheinland-Pfalz 64.765 Neuwied
34%
Schleswig-Holstein 25.416 Schleswig
34%
Baden-Württemberg 47.643 Singen
34%
Mecklenburg-Vorpommern 21.057 Waren (Müritz)
34%
Nordrhein-Westfalen 73.456 Arnsberg
33%
Nordrhein-Westfalen 42.629 Borken
33%
Hessen 12.610 Borken (Hessen)
33%
Bayern 33.721 Deggendorf
33%
Bayern 37.004 Fürstenfeldbruck
33%
Niedersachsen 54.708 Lingen
33%
Nordrhein-Westfalen 24.551 Olpe
33%
Sachsen-Anhalt 23.798 Quedlinburg
33%
Niedersachsen 32.863 Vechta
33%
Nordrhein-Westfalen 21.607 Xanten
33%
Sachsen 19.619 Annaberg-Buchholz
32%
Bayern 22.443 Bad Kissingen
32%
Baden-Württemberg 33.265 Biberach an der Riß
32%
Rheinland-Pfalz 15.047 Bitburg
32%
Nordrhein-Westfalen 73.343 Castrop-Rauxel
32%
Nordrhein-Westfalen 75.610 Gladbeck
32%
Baden-Württemberg 36.664 Kehl
32%
Sachsen-Anhalt 15.048 Landsberg
32%
Bayern 29.228 Landsberg am Lech
32%
Hessen 13.795 Lich
32%
Nordrhein-Westfalen 38.757 Mettmann
32%
Baden-Württemberg 25.182 Rottweil
32%
Bayern 23.488 Starnberg
32%
Rheinland-Pfalz 28.468 Bad Neuenahr-Ahrweiler
31%
Bayern 19.155 Bad Tölz
31%
Brandenburg 40.031 Bernau bei Berlin
31%
Bayern 16.990 Cham
31%
Nordrhein-Westfalen 36.257 Coesfeld
31%
Schleswig-Holstein 49.983 Elmshorn
31%
Rheinland-Pfalz 48.762 Frankenthal
31%
Niedersachsen 42.837 Gifhorn
31%
Nordrhein-Westfalen 37.753 Greven
31%
Nordrhein-Westfalen 42.236 Heinsberg
31%
Schleswig-Holstein 23.189 Husum
31%
Bayern 40.277 Neumarkt in der Oberpfalz
31%
Brandenburg 30.785 Neuruppin
31%
Niedersachsen 53.711 Nordhorn
31%
Sachsen 38.422 Pirna
31%
Schleswig-Holstein 28.896 Rendsburg
31%
Bayern 11.391 Rothenburg ob der Tauber
31%
Baden-Württemberg 55.604 Waiblingen
31%
Baden-Württemberg 14.321 Brühl
30%
Nordrhein-Westfalen 44.126 Brühl
30%
Brandenburg 23.878 Eisenhüttenstadt
30%
Bayern 15.508 Füssen
30%
Bayern 21.028 Günzburg
30%
Nordrhein-Westfalen 43.023 Kamen
30%
Bayern 25.866 Kulmbach
30%
Mecklenburg-Vorpommern 11.950 Ludwigslust
30%
Thüringen 36.090 Mühlhausen
30%
Bayern 40.981 Schwabach
30%
Bayern 25.285 Unterhaching
30%
Niedersachsen 27.706 Verden
30%
Baden-Württemberg 43.227 Bietigheim-Bissingen
29%
Baden-Württemberg 23.578 Calw
29%
Nordrhein-Westfalen 67.373 Dinslaken
29%
Nordrhein-Westfalen 74.704 Dorsten
29%
Niedersachsen 25.712 Helmstedt
29%
Niedersachsen 31.448 Nienburg
29%
Bayern 26.124 Pfaffenhofen an der Ilm
29%
Nordrhein-Westfalen 41.554 Siegburg
29%
Nordrhein-Westfalen 34.325 Steinfurt
29%
Bayern 20.599 Traunstein
29%
Nordrhein-Westfalen 25.318 Verl
29%
Brandenburg 40.699 Eberswalde
28%
Sachsen 39.703 Freital
28%
Baden-Württemberg 23.635 Freudenstadt
28%
Nordrhein-Westfalen 63.743 Grevenbroich
28%
Nordrhein-Westfalen 50.952 Gummersbach
28%
Sachsen 32.405 Hoyerswerda
28%
Schleswig-Holstein 31.803 Itzehoe
28%
Nordrhein-Westfalen 32.653 Jülich
28%
Hessen 28.652 Mühlheim am Main
28%
Bayern 29.793 Neuburg an der Donau
28%
Mecklenburg-Vorpommern 17.773 Parchim
28%
Hessen 14.555 Rotenburg a. d. Fulda
28%
Niedersachsen 21.956 Rotenburg (Wümme)
28%
Sachsen-Anhalt 23.453 Salzwedel
28%
Baden-Württemberg 17.125 Sigmaringen
28%
Nordrhein-Westfalen 61.601 Bergheim
27%
Baden-Württemberg 34.536 Crailsheim
27%
Saarland 19.885 Dillingen
27%
Bayern 19.149 Dillingen a.d. Donau
27%
Nordrhein-Westfalen 64.340 Dormagen
27%
Baden-Württemberg 27.977 Emmendingen
27%
Bayern 32.260 Forchheim
27%
Bayern 29.979 Friedberg
27%
Hessen 29.401 Friedberg
27%
Bayern 12.811 Kirchheim b. München
27%
Baden-Württemberg 40.783 Kirchheim unter Teck
27%
Niedersachsen 29.098 Northeim
27%
Niedersachsen 37.766 Papenburg
27%
Thüringen 29.278 Saalfeld
27%
Thüringen 23.516 Sonneberg
27%
Nordrhein-Westfalen 74.953 Troisdorf
27%
Nordrhein-Westfalen 81.842 Velbert
27%
Sachsen-Anhalt 32.534 Wernigerode
27%
Sachsen 25.086 Zittau
27%
Nordrhein-Westfalen 48.604 Bad Oeynhausen
26%
Baden-Württemberg 34.332 Balingen
26%
Thüringen 20.392 Greiz
26%
Hessen 25.559 Groß-Gerau
26%
Sachsen-Anhalt 40.329 Halberstadt
26%
Nordrhein-Westfalen 59.731 Hürth
26%
Thüringen 38.891 Ilmenau
26%
Baden-Württemberg 47.201 Lahr
26%
Bayern 26.483 Lauf an der Pegnitz
26%
Baden-Württemberg 48.848 Leonberg
26%
Saarland 29.795 Merzig
26%
Sachsen-Anhalt 32.155 Naumburg
26%
Niedersachsen 24.873 Norden
26%
Sachsen 29.754 Riesa
26%
Nordrhein-Westfalen 55.847 Sankt Augustin
26%
Bayern 29.130 Schwandorf
26%
Saarland 25.809 St. Wendel
26%
Brandenburg 26.902 Teltow
26%
Baden-Württemberg 45.425 Weinheim
26%
Hessen 29.944 Bad Hersfeld
25%
Schleswig-Holstein 17.381 Bad Segeberg
25%
Schleswig-Holstein 21.728 Eckernförde
25%
Nordrhein-Westfalen 50.010 Erftstadt
25%
Brandenburg 43.994 Falkensee
25%
Mecklenburg-Vorpommern 29.083 Güstrow
25%
Niedersachsen 19.841 Holzminden
25%
Rheinland-Pfalz 28.520 Idar-Oberstein
25%
Bayern 21.940 Kitzingen
25%
Bayern 16.815 Kronach
25%
Niedersachsen 54.652 Langenhagen
25%
Nordrhein-Westfalen 40.619 Lemgo
25%
Nordrhein-Westfalen 27.187 Neukirchen-Vluyn
25%
Baden-Württemberg 12.394 Sulz am Neckar
25%
Nordrhein-Westfalen 37.157 Warendorf
25%
Baden-Württemberg 10.326 Weilheim an der Teck
25%
Bayern 22.571 Weilheim i. OB
25%
Brandenburg 16.925 Wittenberge
25%
Baden-Württemberg 37.348 Backnang
24%
Niedersachsen 39.729 Buchholz in der Nordheide
24%
Nordrhein-Westfalen 30.142 Ennepetal
24%
Nordrhein-Westfalen 56.482 Eschweiler
24%
Baden-Württemberg 46.083 Filderstadt
24%
Brandenburg 31.965 Fürstenwalde
24%
Nordrhein-Westfalen 54.438 Hattingen
24%
Nordrhein-Westfalen 51.822 Ibbenbüren
24%
Nordrhein-Westfalen 66.702 Kerpen
24%
Baden-Württemberg 10.770 Korb
24%
Schleswig-Holstein 11.402 Lauenburg
24%
Thüringen 24.796 Meiningen
24%
Mecklenburg-Vorpommern 20.128 Neustrelitz
24%
Sachsen 33.894 Radebeul
24%
Nordrhein-Westfalen 48.644 Rheda-Wiedenbrück
24%
Thüringen 18.947 Sömmerda
24%
Baden-Württemberg 24.202 Waldshut-Tiengen
24%
Sachsen-Anhalt 40.192 Weißenfels
24%
Brandenburg 26.412 Werder
24%
Schleswig-Holstein 33.728 Ahrensburg
23%
Rheinland-Pfalz 18.575 Bad Dürkheim
23%
Nordrhein-Westfalen 54.254 Bad Salzuflen
23%
Nordrhein-Westfalen 48.740 Bergkamen
23%
Niedersachsen 61.032 Garbsen
23%
Baden-Württemberg 28.328 Geislingen an der Steige
23%
Thüringen 11.831 Hildburghausen
23%
Bayern 20.142 Lichtenfels
23%
Baden-Württemberg 15.242 Sandhausen
23%
Saarland 39.517 Völklingen
23%
Niedersachsen 20.313 Wittmund
23%
Rheinland-Pfalz 18.627 Alzey
22%
Baden-Württemberg 44.776 Bruchsal
22%
Niedersachsen 16.974 Diepholz
22%
Bayern 19.590 Donauwörth
22%
Bayern 12.193 Ebersberg
22%
Schleswig-Holstein 12.638 Fehmarn
22%
Nordrhein-Westfalen 52.439 Frechen
22%
Nordrhein-Westfalen 37.850 Haltern am See
22%
Nordrhein-Westfalen 59.178 Langenfeld
22%
Sachsen-Anhalt 33.873 Merseburg
22%
Baden-Württemberg 41.223 Nürtingen
22%
Brandenburg 29.680 Schwedt
22%
Sachsen 11.300 Stollberg
22%
Baden-Württemberg 26.917 Wangen im Allgäu
22%
Schleswig-Holstein 33.708 Wedel
22%
Baden-Württemberg 28.240 Winnenden
22%
Niedersachsen 35.227 Winsen
22%
Niedersachsen 13.270 Winsen (Aller)
22%
Baden-Württemberg 45.465 Albstadt
21%
Bayern 13.001 Altötting
21%
Thüringen 27.314 Arnstadt
21%
Bayern 18.443 Bad Reichenhall
21%
Nordrhein-Westfalen 46.657 Dülmen
21%
Sachsen 28.173 Grimma
21%
Nordrhein-Westfalen 61.821 Herten
21%
Nordrhein-Westfalen 55.625 Hilden
21%
Niedersachsen 14.413 Jever
21%
Bayern 16.842 Kelheim
21%
Nordrhein-Westfalen 41.277 Königswinter
21%
Brandenburg 14.022 Lübben (Spreewald)
21%
Nordrhein-Westfalen 56.415 Meerbusch
21%
Baden-Württemberg 26.528 Neckarsulm
21%
Bayern 20.546 Nördlingen
21%
Nordrhein-Westfalen 54.194 Pulheim
21%
Thüringen 24.943 Rudolstadt
21%
Thüringen 19.647 Schmalkalden
21%
Baden-Württemberg 39.775 Schorndorf
21%
Bayern 19.410 Sulzbach-Rosenberg
21%
Bayern 18.645 Weißenburg i. Bay.
21%
Nordrhein-Westfalen 39.381 Ahaus
20%
Bayern 21.470 Aichach
20%
Rheinland-Pfalz 29.922 Andernach
20%
Mecklenburg-Vorpommern 12.331 Anklam
20%
Baden-Württemberg 23.883 Bad Mergentheim
20%
Bayern 18.713 Burghausen
20%
Baden-Württemberg 22.118 Donaueschingen
20%
Bayern 13.377 Eichstätt
20%
Sachsen-Anhalt 23.003 Eisleben
20%
Rheinland-Pfalz 20.798 Germersheim
20%
Nordrhein-Westfalen 48.321 Gronau
20%
Niedersachsen 10.736 Gronau (Leine)
20%
Nordrhein-Westfalen 30.406 Haan
20%
Sachsen-Anhalt 25.641 Köthen
20%
Brandenburg 26.800 Ludwigsfelde
20%
Rheinland-Pfalz 19.162 Mayen
20%
Niedersachsen 46.588 Melle
20%
Nordrhein-Westfalen 52.608 Menden
20%
Bayern 11.471 Miesbach
20%
Nordrhein-Westfalen 40.948 Monheim am Rhein
20%
Hessen 34.891 Mörfelden-Walldorf
20%
Bayern 20.779 Mühldorf a. Inn
20%
Nordrhein-Westfalen 31.421 Oer-Erkenschwick
20%
Niedersachsen 30.256 Osterholz-Scharmbeck
20%
Nordrhein-Westfalen 35.631 Porta Westfalica
20%
Brandenburg 18.970 Prenzlau
20%
Baden-Württemberg 31.496 Radolfzell am Bodensee
20%
Niedersachsen 21.268 Soltau
20%
Saarland 12.819 Spiesen-Elversberg
20%
Saarland 16.334 Sulzbach
20%
Baden-Württemberg 13.172 Tauberbischofsheim
20%
Baden-Württemberg 29.547 Vaihingen an der Enz
20%
Nordrhein-Westfalen 29.717 Werne
20%
Baden-Württemberg 22.832 Wertheim
20%
Nordrhein-Westfalen 12.638 Winterberg
20%
Nordrhein-Westfalen 38.756 Würselen
20%
Sachsen-Anhalt 27.601 Zeitz
20%
Schleswig-Holstein 24.690 Bad Oldesloe
19%
Baden-Württemberg 28.864 Bühl
19%
Bayern 19.985 Dingolfing
19%
Baden-Württemberg 45.669 Fellbach
19%
Bayern 14.050 Feucht
19%
Brandenburg 17.902 Forst (Lausitz)
19%
Nordrhein-Westfalen 27.470 Geilenkirchen
19%
Baden-Württemberg 31.738 Herrenberg
19%
Baden-Württemberg 21.700 Hockenheim
19%
Baden-Württemberg 25.082 Horb am Neckar
19%
Bayern 17.482 Illertissen
19%
Hessen 23.458 Korbach
19%
Baden-Württemberg 40.165 Leinfelden-Echterdingen
19%
Niedersachsen 26.935 Lohne
19%
Nordrhein-Westfalen 39.915 Löhne
19%
Brandenburg 15.327 Petershagen
19%
Nordrhein-Westfalen 25.119 Petershagen
19%
Nordrhein-Westfalen 30.854 Rheinberg
19%
Bayern 22.529 Senden
19%
Nordrhein-Westfalen 20.409 Senden
19%
Thüringen 21.290 Sondershausen
19%
Saarland 35.427 St. Ingbert
19%
Nordrhein-Westfalen 56.466 Stolberg
19%
Nordrhein-Westfalen 27.392 Wetter
19%
Niedersachsen 31.923 Achim
18%
Sachsen-Anhalt 27.012 Aschersleben
18%
Niedersachsen 19.130 Bad Pyrmont
18%
Sachsen-Anhalt 32.573 Bernburg
18%
Nordrhein-Westfalen 25.451 Brilon
18%
Baden-Württemberg 17.772 Buchen (Odenwald)
18%
Sachsen 20.739 Coswig
18%
Sachsen-Anhalt 11.642 Coswig (Anhalt)
18%
Nordrhein-Westfalen 30.961 Emmerich am Rhein
18%
Nordrhein-Westfalen 43.206 Erkelenz
18%
Brandenburg 16.068 Finsterwalde
18%
Rheinland-Pfalz 35.193 Ingelheim am Rhein
18%
Niedersachsen 44.030 Lehrte
18%
Hessen 13.091 Linden
18%
Nordrhein-Westfalen 25.541 Lübbecke
18%
Baden-Württemberg 39.312 Ostfildern
18%
Sachsen 18.565 Radeberg
18%
Nordrhein-Westfalen 46.195 Schwerte
18%
Bayern 21.619 Sonthofen
18%
Brandenburg 26.853 Strausberg
18%
Hessen 30.050 Taunusstein
18%
Sachsen 19.883 Torgau
18%
Nordrhein-Westfalen 24.643 Warstein
18%
Bayern 25.588 Zirndorf
18%
Baden-Württemberg 25.642 Achern
17%
Baden-Württemberg 29.566 Bretten
17%
Niedersachsen 30.727 Burgdorf
17%
Baden-Württemberg 26.293 Ehingen
17%
Nordrhein-Westfalen 36.029 Emsdetten
17%
Nordrhein-Westfalen 43.992 Erkrath
17%
Baden-Württemberg 39.373 Ettlingen
17%
Schleswig-Holstein 17.013 Eutin
17%
Sachsen 13.940 Frankenberg
17%
Hessen 17.689 Frankenberg (Eder)
17%
Schleswig-Holstein 28.104 Henstedt-Ulzburg
17%
Hessen 26.097 Heppenheim
17%
Nordrhein-Westfalen 37.596 Kamp-Lintfort
17%
Baden-Württemberg 33.825 Kornwestheim
17%
Baden-Württemberg 27.044 Leimen
17%
Brandenburg 20.582 Luckenwalde
17%
Baden-Württemberg 15.924 Marbach am Neckar
17%
Baden-Württemberg 23.497 Mosbach
17%
Brandenburg 18.182 Nauen
17%
Baden-Württemberg 14.551 Plochingen
17%
Brandenburg 24.208 Rathenow
17%
Baden-Württemberg 33.083 Rheinfelden
17%
Sachsen-Anhalt 25.963 Sangerhausen
17%
Brandenburg 16.270 Schönefeld
17%
Niedersachsen 41.591 Seevetal
17%
Niedersachsen 22.262 Stadthagen
17%
Baden-Württemberg 15.420 Walldorf
17%
Baden-Württemberg 25.155 Weingarten
17%
Baden-Württemberg 10.422 Weingarten (Baden)
17%
Nordrhein-Westfalen 30.767 Werl
17%
Nordrhein-Westfalen 50.391 Willich
17%
Rheinland-Pfalz 19.069 Wittlich
17%
Nordrhein-Westfalen 25.812 Bad Honnef
16%
Bayern 15.358 Bad Neustadt a.d. Saale
16%
Hessen 27.755 Baunatal
16%
Hessen 40.756 Bensheim
16%
Sachsen 24.823 Delitzsch
16%
Baden-Württemberg 24.870 Ditzingen
16%
Hessen 42.102 Dreieich
16%
Nordrhein-Westfalen 33.730 Geldern
16%
Nordrhein-Westfalen 47.290 Hennef
16%
Bayern 23.373 Herzogenaurach
16%
Hessen 10.199 Höchst i. Odw.
16%
Brandenburg 15.977 Lübbenau
16%
Hessen 39.553 Maintal
16%
Hessen 38.105 Neu-Isenburg
16%
Bayern 13.745 Oberhaching
16%
Hessen 46.545 Oberursel
16%
Schleswig-Holstein 21.331 Quickborn
16%
Brandenburg 23.895 Senftenberg
16%
Baden-Württemberg 22.475 Überlingen
16%
Niedersachsen 30.081 Walsrode
16%
Sachsen 15.886 Weißwasser
16%
Nordrhein-Westfalen 36.347 Wesseling
16%
Thüringen 22.184 Apolda
15%
Niedersachsen 15.609 Bad Bentheim
15%
Hessen 34.216 Bad Vilbel
15%
Nordrhein-Westfalen 36.815 Beckum
15%
Nordrhein-Westfalen 48.321 Bornheim
15%
Niedersachsen 18.582 Bremervörde
15%
Nordrhein-Westfalen 34.596 Datteln
15%
Bayern 11.836 Dinkelsbühl
15%
Niedersachsen 30.689 Einbeck
15%
Baden-Württemberg 13.684 Erbach
15%
Hessen 13.697 Erbach
15%
Hessen 19.412 Eschwege
15%
Bayern 40.399 Germering
15%
Nordrhein-Westfalen 46.375 Herzogenrath
15%
Nordrhein-Westfalen 43.493 Kaarst
15%
Schleswig-Holstein 22.109 Kaltenkirchen
15%
Nordrhein-Westfalen 29.786 Meschede
15%
Schleswig-Holstein 19.131 Mölln
15%
Nordrhein-Westfalen 38.667 Niederkassel
15%
Sachsen-Anhalt 19.483 Oschersleben (Bode)
15%
Mecklenburg-Vorpommern 10.047 Pasewalk
15%
Schleswig-Holstein 14.525 Ratzeburg
15%
Sachsen 20.487 Reichenbach im Vogtland
15%
Rheinland-Pfalz 17.116 Remagen
15%
Niedersachsen 25.424 Rinteln
15%
Nordrhein-Westfalen 28.537 Schwelm
15%
Baden-Württemberg 27.082 Weinstadt
15%
Baden-Württemberg 26.799 Wiesloch
15%
Mecklenburg-Vorpommern 11.879 Wolgast
15%
Sachsen 18.237 Auerbach
14%
Mecklenburg-Vorpommern 12.642 Bad Doberan
14%
Hessen 32.447 Bad Nauheim
14%
Thüringen 23.455 Bad Salzungen
14%
Hessen 26.432 Butzbach
14%
Sachsen 23.583 Döbeln
14%
Baden-Württemberg 29.884 Gaggenau
14%
Schleswig-Holstein 30.688 Geesthacht
14%
Hessen 23.202 Gelnhausen
14%
Brandenburg 16.783 Guben
14%
Nordrhein-Westfalen 26.858 Hamminkeln
14%
Thüringen 17.129 Heilbad Heiligenstadt
14%
Brandenburg 26.345 Hennigsdorf
14%
Hessen 39.647 Hofheim am Taunus
14%
Brandenburg 26.283 Hohen Neuendorf
14%
Nordrhein-Westfalen 17.263 Horn-Bad Meinberg
14%
Hessen 24.997 Idstein
14%
Sachsen 16.914 Kamenz
14%
Nordrhein-Westfalen 34.514 Kempen
14%
Baden-Württemberg 15.450 Künzelsau
14%
Hessen 13.703 Lorsch
14%
Rheinland-Pfalz 13.998 Montabaur
14%
Baden-Württemberg 26.130 Mühlacker
14%
Nordrhein-Westfalen 42.496 Nettetal
14%
Nordrhein-Westfalen 13.887 Neuenkirchen
14%
Nordrhein-Westfalen 29.238 Oelde
14%
Hessen 11.849 Oestrich-Winkel
14%
Baden-Württemberg 24.663 Öhringen
14%
Sachsen-Anhalt 10.480 Querfurt
14%
Mecklenburg-Vorpommern 15.235 Ribnitz-Damgarten
14%
Hessen 45.719 Rodgau
14%
Sachsen-Anhalt 30.532 Schönebeck
14%
Sachsen 16.447 Schwarzenberg
14%
Baden-Württemberg 21.644 Schwetzingen
14%
Nordrhein-Westfalen 25.925 Selm
14%
Brandenburg 21.998 Spremberg
14%
Brandenburg 15.728 Templin
14%
Bayern 28.950 Unterschleißheim
14%
Nordrhein-Westfalen 36.017 Voerde
14%
Bayern 12.796 Wasserburg a. Inn
14%
Bayern 19.033 Wolfratshausen
14%
Rheinland-Pfalz 18.120 Wörth am Rhein
14%
Sachsen-Anhalt 21.470 Zerbst
14%
Baden-Württemberg 10.304 Birkenfeld
13%
Bayern 10.197 Bogen
13%
Niedersachsen 31.141 Bramsche
13%
Bayern 10.123 Burgau
13%
Hessen 23.209 Dillenburg
13%
Baden-Württemberg 24.549 Ellwangen (Jagst)
13%
Bayern 17.760 Garching b. München
13%
Nordrhein-Westfalen 34.205 Goch
13%
Bayern 16.616 Gunzenhausen
13%
Nordrhein-Westfalen 26.345 Heiligenhaus
13%
Nordrhein-Westfalen 22.755 Herdecke
13%
Bayern 16.640 Holzkirchen
13%
Hessen 14.001 Homberg (Efze)
13%
Baden-Württemberg 14.191 Isny im Allgäu
13%
Brandenburg 12.372 Jüterbog
13%
Rheinland-Pfalz 18.332 Konz
13%
Baden-Württemberg 19.718 Korntal-Münchingen
13%
Niedersachsen 41.606 Laatzen
13%
Nordrhein-Westfalen 34.858 Lage
13%
Rheinland-Pfalz 18.042 Lahnstein
13%
Sachsen 23.895 Limbach-Oberfrohna
13%
Bayern 15.189 Lohr a. Main
13%
Baden-Württemberg 22.069 Metzingen
13%
Baden-Württemberg 14.031 Murrhardt
13%
Baden-Württemberg 26.539 Remseck am Neckar
13%
Sachsen 18.312 Schkeuditz
13%
Bayern 14.895 Selb
13%
Hessen 34.315 Viernheim
13%
Nordrhein-Westfalen 29.328 Waltrop
13%
Brandenburg 14.131 Wittstock
13%
Niedersachsen 41.477 Wunstorf
13%
Brandenburg 19.912 Zossen
13%
Brandenburg 13.843 Ahrensfelde
12%
Nordrhein-Westfalen 17.440 Bad Münstereifel
12%
Baden-Württemberg 21.557 Bad Rappenau
12%
Baden-Württemberg 12.530 Bad Urach
12%
Bayern 16.328 Bad Wörishofen
12%
Niedersachsen 28.896 Bad Zwischenahn
12%
Sachsen-Anhalt 19.703 Blankenburg (Harz)
12%
Baden-Württemberg 12.422 Blaubeuren
12%
Baden-Württemberg 16.296 Blaustein
12%
Sachsen 19.118 Borna
12%
Niedersachsen 14.860 Brake (Unterweser)
12%
Schleswig-Holstein 12.380 Brunsbüttel
12%
Nordrhein-Westfalen 45.187 Bünde
12%
Mecklenburg-Vorpommern 10.564 Demmin
12%
Sachsen 11.853 Ebersbach-Neugersdorf
12%
Brandenburg 11.856 Erkner
12%
Bayern 12.479 Feuchtwangen
12%
Bayern 17.147 Freilassing
12%
Nordrhein-Westfalen 17.711 Freudenberg
12%
Sachsen-Anhalt 22.251 Gardelegen
12%
Baden-Württemberg 19.760 Giengen an der Brenz
12%
Schleswig-Holstein 10.931 Glückstadt
12%
Mecklenburg-Vorpommern 10.434 Grevesmühlen
12%
Niedersachsen 23.609 Hann. Münden
12%
Rheinland-Pfalz 20.234 Haßloch
12%
Sachsen 16.540 Heidenau
12%
Bayern 14.314 Immenstadt i. Allgäu
12%
Nordrhein-Westfalen 28.087 Kevelaer
12%
Bayern 28.059 Königsbrunn
12%
Brandenburg 14.336 Lauchhammer
12%
Hessen 13.612 Lauterbach (Hessen)
12%
Nordrhein-Westfalen 25.308 Lennestadt
12%
Sachsen-Anhalt 13.908 Leuna
12%
Nordrhein-Westfalen 14.095 Lotte
12%
Sachsen 24.748 Markkleeberg
12%
Hessen 13.689 Melsungen
12%
Nordrhein-Westfalen 11.693 Monschau
12%
Baden-Württemberg 12.273 Neuenburg am Rhein
12%
Sachsen 14.098 Oschatz
12%
Brandenburg 12.065 Perleberg
12%
Nordrhein-Westfalen 26.872 Schloß Holte-Stukenbrock
12%
Bayern 12.377 Schongau
12%
Baden-Württemberg 19.573 Schopfheim
12%
Bayern 17.226 Schrobenhausen
12%
Nordrhein-Westfalen 24.739 Sprockhövel
12%
Hessen 10.665 Steinbach (Taunus)
12%
Nordrhein-Westfalen 12.528 Steinheim
12%
Baden-Württemberg 12.139 Steinheim an der Murr
12%
Niedersachsen 33.611 Stuhr
12%
Nordrhein-Westfalen 27.725 Sundern
12%
Niedersachsen 24.295 Syke
12%
Baden-Württemberg 19.437 Tettnang
12%
Sachsen-Anhalt 17.247 Thale
12%
Nordrhein-Westfalen 23.076 Warburg
12%
Nordrhein-Westfalen 10.786 Weeze
12%
Nordrhein-Westfalen 34.719 Wermelskirchen
12%
Sachsen 16.209 Wurzen
12%
Nordrhein-Westfalen 16.718 Altena
11%
Brandenburg 13.757 Angermünde
11%
Baden-Württemberg 19.349 Bad Friedrichshall
11%
Niedersachsen 21.926 Bad Harzburg
11%
Schleswig-Holstein 20.044 Bad Schwartau
11%
Hessen 22.855 Bad Soden am Taunus
11%
Hessen 13.439 Bad Soden-Salmünster
11%
Sachsen 10.938 Bischofswerda
11%
Brandenburg 27.939 Blankenfelde-Mahlow
11%
Rheinland-Pfalz 15.413 Boppard
11%
Baden-Württemberg 15.488 Breisach am Rhein
11%
Sachsen 10.643 Burgstädt
11%
Hessen 15.566 Dieburg
11%
Hessen 34.298 Dietzenbach
11%
Baden-Württemberg 14.428 Eberbach
11%
Baden-Württemberg 15.562 Ebersbach an der Fils
11%
Sachsen 15.557 Eilenburg
11%
Thüringen 10.849 Eisenberg
11%
Hessen 25.234 Friedrichsdorf
11%
Niedersachsen 31.756 Georgsmarienhütte
11%
Hessen 19.382 Haiger
11%
Bayern 13.501 Haßfurt
11%
Baden-Württemberg 19.259 Hechingen
11%
Hessen 12.431 Hessisch Lichtenau
11%
Bayern 13.551 Höchstadt a.d. Aisch
11%
Nordrhein-Westfalen 17.076 Holzwickede
11%
Bayern 17.376 Ismaning
11%
Sachsen-Anhalt 14.067 Jessen (Elster)
11%
Baden-Württemberg 15.810 Karlsbad
11%
Bayern 14.983 Karlstadt
11%
Brandenburg 20.374 Kleinmachnow
11%
Nordrhein-Westfalen 33.251 Korschenbroich
11%
Bayern 13.522 Krumbach (Schwaben)
11%
Baden-Württemberg 14.493 Lauda-Königshofen
11%
Baden-Württemberg 11.831 Lauffen am Neckar
11%
Nordrhein-Westfalen 28.000 Leichlingen
11%
Baden-Württemberg 22.939 Leutkirch im Allgäu
11%
Niedersachsen 19.485 Lilienthal
11%
Baden-Württemberg 10.964 Lorch
11%
Sachsen 16.906 Marienberg
11%
Bayern 17.228 Marktredwitz
11%
Bayern 15.137 Mindelheim
11%
Baden-Württemberg 11.369 Möglingen
11%
Bayern 10.107 Münchberg
11%
Baden-Württemberg 22.540 Nagold
11%
Baden-Württemberg 13.344 Neckargemünd
11%
Baden-Württemberg 11.849 Neuhausen auf den Fildern
11%
Niedersachsen 26.139 Nordenham
11%
Bayern 11.833 Oberschleißheim
11%
Bayern 27.985 Olching
11%
Brandenburg 11.879 Pritzwalk
11%
Nordrhein-Westfalen 19.299 Rhede
11%
Nordrhein-Westfalen 26.986 Rheinbach
11%
Bayern 12.306 Röthenbach a.d. Pegnitz
11%
Niedersachsen 34.401 Seelze
11%
Niedersachsen 29.013 Springe
11%
Sachsen-Anhalt 24.923 Staßfurt
11%
Sachsen-Anhalt 10.319 Tangermünde
11%
Nordrhein-Westfalen 29.336 Tönisvorst
11%
Bayern 20.931 Traunreut
11%
Baden-Württemberg 21.850 Waldkirch
11%
Hessen 26.052 Weiterstadt
11%
Baden-Württemberg 16.227 Wendlingen am Neckar
11%
Brandenburg 10.404 Wildau
11%
Nordrhein-Westfalen 47.149 Alsdorf
10%
Hessen 16.037 Alsfeld
10%
Bayern 18.505 Alzenau
10%
Nordrhein-Westfalen 15.494 Ascheberg
10%
Baden-Württemberg 10.130 Aulendorf
10%
Brandenburg 11.141 Bad Belzig
10%
Nordrhein-Westfalen 18.959 Bad Driburg
10%
Niedersachsen 15.738 Bad Essen
10%
Thüringen 10.139 Bad Frankenhausen
10%
Baden-Württemberg 20.377 Bad Krozingen
10%
Thüringen 17.271 Bad Langensalza
10%
Nordrhein-Westfalen 16.237 Bad Lippspringe
10%
Hessen 10.172 Bad Orb
10%
Nordrhein-Westfalen 12.065 Bad Sassendorf
10%
Baden-Württemberg 17.458 Bad Saulgau
10%
Baden-Württemberg 20.149 Bad Waldsee
10%
Nordrhein-Westfalen 23.658 Bedburg
10%
Nordrhein-Westfalen 12.955 Bedburg-Hau
10%
Brandenburg 12.652 Beelitz
10%
Niedersachsen 20.234 Burgwedel
10%
Nordrhein-Westfalen 31.989 Delbrück
10%
Baden-Württemberg 10.738 Engen
10%
Baden-Württemberg 21.784 Eppingen
10%
Bayern 10.932 Feldkirchen-Westerham
10%
Hessen 14.733 Fritzlar
10%
Baden-Württemberg 19.817 Gerlingen
10%
Nordrhein-Westfalen 30.701 Gevelsberg
10%
Baden-Württemberg 12.185 Graben-Neudorf
10%
Sachsen-Anhalt 19.143 Haldensleben
10%
Niedersachsen 23.881 Haren (Ems)
10%
Nordrhein-Westfalen 25.163 Harsewinkel
10%
Nordrhein-Westfalen 34.062 Hemer
10%
Sachsen 14.527 Hohenstein-Ernstthal
10%
Brandenburg 18.079 Hoppegarten
10%
Nordrhein-Westfalen 40.245 Hückelhoven
10%
Brandenburg 10.894 Kloster Lehnin
10%
Hessen 16.722 Königstein im Taunus
10%
Nordrhein-Westfalen 31.122 Kreuztal
10%
Hessen 32.598 Lampertheim
10%
Baden-Württemberg 22.429 Laupheim
10%
Nordrhein-Westfalen 30.453 Lohmar
10%
Baden-Württemberg 14.656 Malsch
10%
Bayern 18.656 Moosburg a.d. Isar
10%
Rheinland-Pfalz 10.447 Morbach
10%
Baden-Württemberg 20.455 Mössingen
10%
Sachsen-Anhalt 10.256 Oberharz am Brocken
10%
Bayern 11.296 Ochsenfurt
10%
Bayern 21.694 Ottobrunn
10%
Nordrhein-Westfalen 27.100 Overath
10%
Baden-Württemberg 13.446 Pfullendorf
10%
Hessen 25.096 Pfungstadt
10%
Nordrhein-Westfalen 25.237 Plettenberg
10%
Baden-Württemberg 18.487 Renningen
10%
Baden-Württemberg 20.206 Rheinstetten
10%
Niedersachsen 13.672 Rosengarten
10%
Nordrhein-Westfalen 28.631 Rösrath
10%
Baden-Württemberg 10.912 Rutesheim
10%
Baden-Württemberg 11.410 Salem
10%
Nordrhein-Westfalen 18.380 Vlotho
10%
Nordrhein-Westfalen 20.957 Wülfrath
10%
Bayern 11.178 Altdorf
9%
Bayern 15.276 Altdorf b. Nürnberg
9%
Hessen 12.226 Altenstadt
9%
Baden-Württemberg 13.502 Asperg
9%
Nordrhein-Westfalen 10.032 Augustdorf
9%
Hessen 15.382 Bad Arolsen
9%
Brandenburg 12.304 Bad Freienwalde (Oder)
9%
Baden-Württemberg 10.202 Bad Wildbad
9%
Hessen 17.264 Bad Wildungen
9%
Baden-Württemberg 14.607 Bad Wurzach
9%
Hessen 13.934 Bebra
9%
Mecklenburg-Vorpommern 10.730 Boizenburg
9%
Niedersachsen 19.330 Bückeburg
9%
Rheinland-Pfalz 11.084 Diez
9%
Niedersachsen 20.363 Duderstadt
9%
Baden-Württemberg 14.129 Edingen-Neckarhausen
9%
Baden-Württemberg 21.124 Eislingen
9%
Hessen 21.609 Eschborn
9%
Nordrhein-Westfalen 20.760 Fröndenberg
9%
Niedersachsen 30.847 Geestland
9%
Bayern 10.039 Gemünden a. Main
9%
Sachsen-Anhalt 13.761 Genthin
9%
Bayern 25.438 Geretsried
9%
Sachsen 22.233 Glauchau
9%
Sachsen-Anhalt 11.540 Gräfenhainichen
9%
Hessen 27.473 Griesheim
9%
Sachsen 18.199 Großenhain
9%
Rheinland-Pfalz 13.504 Grünstadt
9%
Baden-Württemberg 11.683 Gundelfingen
9%
Nordrhein-Westfalen 23.294 Jüchen
9%
Baden-Württemberg 11.661 Ladenburg
9%
Nordrhein-Westfalen 22.660 Lengerich
9%
Nordrhein-Westfalen 10.570 Lichtenau
9%
Bayern 11.525 Lindenberg i. Allgäu
9%
Nordrhein-Westfalen 11.894 Lippetal
9%
Baden-Württemberg 14.799 Markgröningen
9%
Sachsen 15.781 Markranstädt
9%
Nordrhein-Westfalen 19.540 Marsberg
9%
Nordrhein-Westfalen 27.714 Mechernich
9%
Hessen 16.007 Michelstadt
9%
Brandenburg 13.134 Michendorf
9%
Brandenburg 15.308 Mühlenbecker Land
9%
Baden-Württemberg 14.392 Münsingen
9%
Brandenburg 18.657 Neuenhagen bei Berlin
9%
Baden-Württemberg 11.295 Nußloch
9%
Baden-Württemberg 20.036 Oberkirch
9%
Baden-Württemberg 14.077 Oberndorf am Neckar
9%
Niedersachsen 21.563 Osterode am Harz
9%
Baden-Württemberg 18.657 Pfullingen
9%
Baden-Württemberg 13.627 Philippsburg
9%
Niedersachsen 13.442 Quakenbrück
9%
Schleswig-Holstein 27.950 Reinbek
9%
Baden-Württemberg 14.096 Remshalden
9%
Baden-Württemberg 11.273 Rheinau
9%
Baden-Württemberg 10.580 Riedlingen
9%
Nordrhein-Westfalen 29.545 Rietberg
9%
Hessen 28.249 Rödermark
9%
Brandenburg 15.812 Rüdersdorf bei Berlin
9%
Rheinland-Pfalz 20.412 Schifferstadt
9%
Sachsen-Anhalt 10.926 Schkopau
9%
Sachsen 13.873 Schneeberg
9%
Brandenburg 12.789 Schöneiche bei Berlin
9%
Schleswig-Holstein 16.551 Schwarzenbek
9%
Hessen 21.267 Seligenstadt
9%
Rheinland-Pfalz 17.630 Sinzig
9%
Brandenburg 15.373 Stahnsdorf
9%
Nordrhein-Westfalen 20.614 Steinhagen
9%
Baden-Württemberg 17.183 Stockach
9%
Nordrhein-Westfalen 16.257 Straelen
9%
Baden-Württemberg 24.788 Stutensee
9%
Baden-Württemberg 10.159 Süßen
9%
Sachsen-Anhalt 10.705 Tangerhütte
9%
Sachsen 15.745 Taucha
9%
Nordrhein-Westfalen 24.044 Übach-Palenberg
9%
Brandenburg 12.179 Velten
9%
Bayern 16.758 Vilshofen an der Donau
9%
Nordrhein-Westfalen 22.670 Vreden
9%
Baden-Württemberg 11.611 Walldürn
9%
Brandenburg 23.127 Wandlitz
9%
Nordrhein-Westfalen 28.169 Wegberg
9%
Baden-Württemberg 12.285 Weinsberg
9%
Niedersachsen 30.816 Weyhe
9%
Hessen 15.126 Witzenhausen
9%
Niedersachsen 17.095 Wurster Nordseeküste
9%
Brandenburg 11.427 Zeuthen
9%
Niedersachsen 18.535 Alfeld (Leine)
8%
Nordrhein-Westfalen 24.264 Attendorn
8%
Bayern 19.056 Bad Aibling
8%
Baden-Württemberg 13.292 Bad Dürrheim
8%
Baden-Württemberg 17.508 Bad Säckingen
8%
Niedersachsen 34.187 Barsinghausen
8%
Baden-Württemberg 12.711 Besigheim
8%
Bayern 17.307 Bobingen
8%
Nordrhein-Westfalen 18.171 Bönen
8%
Baden-Württemberg 11.701 Bopfingen
8%
Brandenburg 12.193 Brieselang
8%
Hessen 22.436 Büdingen
8%
Baden-Württemberg 12.206 Burladingen
8%
Nordrhein-Westfalen 18.346 Burscheid
8%
Niedersachsen 15.727 Clausthal-Zellerfeld
8%
Sachsen 18.350 Crimmitschau
8%
Brandenburg 10.019 Dallgow-Döberitz
8%
Baden-Württemberg 11.149 Denkendorf
8%
Baden-Württemberg 10.627 Donzdorf
8%
Baden-Württemberg 10.068 Endingen am Kaiserstuhl
8%
Brandenburg 14.109 Fredersdorf-Vogelsdorf
8%
Sachsen 12.443 Frohburg
8%
Niedersachsen 31.360 Ganderkesee
8%
Baden-Württemberg 11.025 Gengenbach
8%
Baden-Württemberg 14.157 Gernsbach
8%
Brandenburg 12.358 Glienicke
8%
Mecklenburg-Vorpommern 12.175 Hagenow
8%
Schleswig-Holstein 11.110 Handewitt
8%
Hessen 27.674 Hattersheim am Main
8%
Baden-Württemberg 11.683 Heddesheim
8%
Baden-Württemberg 11.788 Hemsbach
8%
Baden-Württemberg 13.025 Herbrechtingen
8%
Niedersachsen 18.112 Hessisch Oldendorf
8%
Sachsen-Anhalt 13.885 Hettstedt
8%
Nordrhein-Westfalen 13.598 Hünxe
8%
Nordrhein-Westfalen 13.884 Kalkar
8%
Nordrhein-Westfalen 11.191 Kall
8%
Baden-Württemberg 10.627 Karlsdorf-Neuthard
8%
Hessen 29.075 Kelkheim
8%
Hessen 18.255 Kronberg im Taunus
8%
Baden-Württemberg 11.798 Laichingen
8%
Baden-Württemberg 15.343 Langenau
8%
Thüringen 20.115 Leinefelde-Worbis
8%
Nordrhein-Westfalen 16.263 Leopoldshöhe
8%
Sachsen 11.177 Lichtenstein
8%
Bayern 15.163 Mainburg
8%
Baden-Württemberg 14.170 Markdorf
8%
Baden-Württemberg 13.639 Meckenbeuren
8%
Nordrhein-Westfalen 24.817 Meckenheim
8%
Sachsen-Anhalt 12.930 Möckern
8%
Nordrhein-Westfalen 11.722 Möhnesee
8%
Rheinland-Pfalz 12.844 Mutterstadt
8%
Baden-Württemberg 10.141 Neuenstadt am Kocher
8%
Sachsen-Anhalt 13.558 Oebisfelde-Weferlingen
8%
Brandenburg 20.596 Panketal
8%
Bayern 12.953 Pfarrkirchen
8%
Nordrhein-Westfalen 12.188 Preußisch Oldendorf
8%
Brandenburg 11.369 Rangsdorf
8%
Niedersachsen 10.161 Rehburg-Loccum
8%
Bayern 12.142 Roding
8%
Baden-Württemberg 18.961 Sachsenheim
8%
Sachsen-Anhalt 11.412 Salzatal
8%
Nordrhein-Westfalen 24.852 Schmallenberg
8%
Thüringen 13.724 Schmölln
8%
Baden-Württemberg 21.148 Schramberg
8%
Baden-Württemberg 14.948 Schriesheim
8%
Hessen 18.019 Schwalmstadt
8%
Baden-Württemberg 11.390 Schwieberdingen
8%
Baden-Württemberg 11.337 Sinzheim
8%
Niedersachsen 11.305 Stelle
8%
Baden-Württemberg 12.945 St. Georgen im Schwarzwald
8%
Sachsen-Anhalt 13.275 Südliches Anhalt
8%
Baden-Württemberg 16.856 Trossingen
8%
Bayern 11.284 Unterföhring
8%
Niedersachsen 24.017 Varel
8%
Bayern 24.404 Vaterstetten
8%
Bayern 13.630 Vöhringen
8%
Niedersachsen 29.582 Wedemark
8%
Bayern 13.521 Weißenhorn
8%
Baden-Württemberg 12.303 Wernau (Neckar)
8%
Sachsen-Anhalt 11.441 Wolmirstedt
8%
Brandenburg 13.387 Zehdenick
8%
Thüringen 12.727 Zella-Mehlis
8%
Nordrhein-Westfalen 20.332 Zülpich
8%
Nordrhein-Westfalen 23.563 Alfter
7%
Nordrhein-Westfalen 12.479 Alpen
7%
Nordrhein-Westfalen 18.914 Bad Berleburg
7%
Sachsen-Anhalt 11.466 Bad Dürrenberg
7%
Niedersachsen 11.926 Bad Fallingbostel
7%
Baden-Württemberg 12.913 Bad Schönborn
7%
Baden-Württemberg 14.705 Baiersbronn
7%
Schleswig-Holstein 16.077 Bargteheide
7%
Rheinland-Pfalz 10.064 Betzdorf
7%
Baden-Württemberg 10.063 Blumberg
7%
Nordrhein-Westfalen 16.137 Brakel
7%
Hessen 10.934 Braunfels
7%
Baden-Württemberg 12.600 Bretzfeld
7%
Baden-Württemberg 12.651 Dossenheim
7%
Baden-Württemberg 16.430 Eggenstein-Leopoldshafen
7%
Nordrhein-Westfalen 19.298 Engelskirchen
7%
Baden-Württemberg 15.268 Eppelheim
7%
Bayern 10.258 Erlenbach a. Main
7%
Baden-Württemberg 13.262 Friesenheim
7%
Hessen 12.341 Fuldatal
7%
Bayern 20.764 Gauting
7%
Baden-Württemberg 11.585 Gerstetten
7%
Sachsen-Anhalt 10.488 Gommern
7%
Rheinland-Pfalz 10.977 Grafschaft
7%
Baden-Württemberg 14.723 Grenzach-Wyhlen
7%
Hessen 13.612 Grünberg
7%
Bayern 11.270 Grünwald
7%
Baden-Württemberg 10.735 Haigerloch
7%
Bayern 11.023 Hammelburg
7%
Nordrhein-Westfalen 16.004 Herzebrock-Clarholz
7%
Nordrhein-Westfalen 15.374 Hille
7%
Sachsen-Anhalt 18.544 Hohe Börde
7%
Niedersachsen 24.315 Isernhagen
7%
Baden-Württemberg 15.485 Kernen im Remstal
7%
Niedersachsen 15.704 Königslutter am Elm
7%
Baden-Württemberg 14.681 Kraichtal
7%
Sachsen 14.456 Löbau
7%
Nordrhein-Westfalen 24.822 Lüdinghausen
7%
Bayern 18.725 Marktoberdorf
7%
Bayern 13.818 Markt Schwaben
7%
Nordrhein-Westfalen 20.367 Meinerzhagen
7%
Sachsen-Anhalt 11.558 Muldestausee
7%
Nordrhein-Westfalen 10.111 Nordkirchen
7%
Sachsen 10.513 Nossen
7%
Brandenburg 11.727 Oberkrämer
7%
Baden-Württemberg 12.205 Oftersheim
7%
Sachsen-Anhalt 11.010 Osterwieck
7%
Bayern 13.263 Pegnitz
7%
Nordrhein-Westfalen 21.919 Radevormwald
7%
Nordrhein-Westfalen 11.376 Recke
7%
Nordrhein-Westfalen 21.100 Rees
7%
Sachsen-Anhalt 14.310 Sandersdorf-Brehna
7%
Niedersachsen 19.391 Sarstedt
7%
Brandenburg 10.143 Schorfheide
7%
Bayern 14.312 Schwabmünchen
7%
Saarland 17.099 Schwalbach
7%
Hessen 15.300 Schwalbach am Taunus
7%
Nordrhein-Westfalen 18.969 Schwalmtal
7%
Brandenburg 10.705 Schwielowsee
7%
Nordrhein-Westfalen 13.193 Sendenhorst
7%
Hessen 21.391 Stadtallendorf
7%
Schleswig-Holstein 16.998 Stockelsdorf
7%
Baden-Württemberg 12.731 Tamm
7%
Bayern 18.001 Taufkirchen
7%
Bayern 10.290 Taufkirchen (Vils)
7%
Nordrhein-Westfalen 19.911 Telgte
7%
Saarland 15.673 Wadern
7%
Baden-Württemberg 20.950 Waghäusel
7%
Baden-Württemberg 13.080 Waldbronn
7%
Bayern 10.704 Waldkirchen
7%
Thüringen 12.838 Waltershausen
7%
Sachsen-Anhalt 13.860 Wanzleben-Börde
7%
Baden-Württemberg 13.135 Wehr
7%
Hessen 12.973 Weilburg
7%
Nordrhein-Westfalen 17.633 Weilerswist
7%
Baden-Württemberg 11.170 Welzheim
7%
Sachsen 20.623 Werdau
7%
Nordrhein-Westfalen 12.682 Wickede (Ruhr)
7%
Hessen 13.022 Wolfhagen
7%
Baden-Württemberg 10.244 Appenweier
6%
Schleswig-Holstein 14.773 Bad Bramstedt
6%
Nordrhein-Westfalen 27.093 Baesweiler
6%
Saarland 17.626 Bexbach
6%
Hessen 13.588 Biedenkopf
6%
Hessen 13.160 Bischofsheim
6%
Saarland 20.470 Blieskastel
6%
Nordrhein-Westfalen 15.115 Blomberg
6%
Rheinland-Pfalz 10.394 Böhl-Iggelheim
6%
Baden-Württemberg 16.147 Brackenheim
6%
Sachsen-Anhalt 10.533 Braunsbedra
6%
Nordrhein-Westfalen 21.515 Büren
6%
Bayern 10.504 Burgkirchen a.d. Alz
6%
Baden-Württemberg 13.624 Denzlingen
6%
Niedersachsen 13.095 Dinklage
6%
Sachsen 14.310 Dippoldiswalde
6%
Bayern 14.697 Dorfen
6%
Nordrhein-Westfalen 15.556 Drensteinfurt
6%
Hessen 16.971 Eltville am Rhein
6%
Nordrhein-Westfalen 20.490 Enger
6%
Baden-Württemberg 11.167 Eningen unter Achalm
6%
Nordrhein-Westfalen 19.810 Ennigerloh
6%
Nordrhein-Westfalen 16.065 Erwitte
6%
Nordrhein-Westfalen 24.782 Espelkamp
6%
Baden-Württemberg 13.369 Ettenheim
6%
Nordrhein-Westfalen 16.955 Finnentrop
6%
Hessen 21.659 Flörsheim am Main
6%
Baden-Württemberg 12.058 Gaildorf
6%
Baden-Württemberg 12.593 Gärtringen
6%
Hessen 10.558 Gernsheim
6%
Nordrhein-Westfalen 21.422 Geseke
6%
Hessen 21.251 Groß-Umstadt
6%
Baden-Württemberg 11.126 Herbolzheim
6%
Hessen 20.543 Herborn
6%
Bayern 10.711 Herrsching a. Ammersee
6%
Bayern 12.436 Hersbruck
6%
Rheinland-Pfalz 10.577 Herxheim bei Landau
6%
Niedersachsen 12.837 Herzberg am Harz
6%
Hessen 17.945 Hochheim am Main
6%
Hessen 15.268 Hofgeismar
6%
Baden-Württemberg 13.247 Holzgerlingen
6%
Niedersachsen 16.111 Hude (Oldenburg)
6%
Hessen 16.616 Hünfeld
6%
Saarland 16.122 Illingen
6%
Niedersachsen 12.293 Jork
6%
Hessen 22.436 Karben
6%
Bayern 21.832 Karlsfeld
6%
Hessen 12.503 Kaufungen
6%
Hessen 17.029 Kelsterbach
6%
Baden-Württemberg 10.340 Kenzingen
6%
Baden-Württemberg 12.875 Ketsch
6%
Nordrhein-Westfalen 16.023 Kirchlengern
6%
Bayern 11.621 Kissing
6%
Baden-Württemberg 11.725 Leingarten
6%
Sachsen 14.475 Mittweida
6%
Nordrhein-Westfalen 14.412 Much
6%
Bayern 12.180 Murnau a. Staffelsee
6%
Hessen 10.679 Nauheim
6%
Hessen 10.830 Neuhof
6%
Hessen 17.203 Nidda
6%
Baden-Württemberg 12.052 Niefern-Öschelbronn
6%
Nordrhein-Westfalen 19.619 Nottuln
6%
Baden-Württemberg 11.119 Oberderdingen
6%
Baden-Württemberg 13.903 Obersulm
6%
Hessen 24.982 Obertshausen
6%
Nordrhein-Westfalen 14.967 Odenthal
6%
Nordrhein-Westfalen 12.923 Olfen
6%
Baden-Württemberg 12.917 Östringen
6%
Niedersachsen 15.863 Oyten
6%
Niedersachsen 14.542 Pattensen
6%
Baden-Württemberg 18.451 Pfinztal
6%
Bayern 11.100 Planegg
6%
Bayern 10.789 Prien a. Chiemsee
6%
Nordrhein-Westfalen 15.402 Rahden
6%
Nordrhein-Westfalen 14.888 Reken
6%
Hessen 23.801 Riedstadt
6%
Baden-Württemberg 12.060 Rielasingen-Worblingen
6%
Baden-Württemberg 11.348 Rudersberg
6%
Nordrhein-Westfalen 10.826 Rüthen
6%
Nordrhein-Westfalen 24.956 Salzkotten
6%
Nordrhein-Westfalen 14.193 Sassenberg
6%
Niedersachsen 11.894 Sassenburg
6%
Hessen 15.894 Schlüchtern
6%
Niedersachsen 18.750 Schneverdingen
6%
Baden-Württemberg 10.721 Schönaich
6%
Niedersachsen 11.212 Schöningen
6%
Baden-Württemberg 11.441 Schwaigern
6%
Hessen 16.462 Seeheim-Jugenheim
6%
Baden-Württemberg 13.063 Spaichingen
6%
Nordrhein-Westfalen 20.283 Stadtlohn
6%
Hessen 10.190 Steinau an der Straße
6%
Baden-Württemberg 13.766 St. Leon-Rot
6%
Baden-Württemberg 11.296 Straubenhardt
6%
Sachsen-Anhalt 12.849 Teutschenthal
6%
Baden-Württemberg 13.131 Ubstadt-Weiher
6%
Niedersachsen 20.276 Uetze
6%
Baden-Württemberg 14.416 Uhingen
6%
Niedersachsen 14.115 Uslar
6%
Hessen 12.640 Wächtersbach
6%
Nordrhein-Westfalen 18.630 Wassenberg
6%
Baden-Württemberg 10.212 Wildberg
6%
Baden-Württemberg 10.013 Willstätt
6%
Nordrhein-Westfalen 20.963 Wipperfürth
6%
Baden-Württemberg 10.834 Altensteig
5%
Baden-Württemberg 11.302 Ammerbuch
5%
Nordrhein-Westfalen 10.238 Anröchte
5%
Hessen 16.940 Babenhausen
5%
Hessen 14.221 Bad Camberg
5%
Niedersachsen 10.265 Bad Lauterberg im Harz
5%
Niedersachsen 17.445 Bad Münder am Deister
5%
Hessen 11.191 Bad Schwalbach
5%
Bayern 12.369 Bad Windsheim
5%
Nordrhein-Westfalen 11.201 Balve
5%
Rheinland-Pfalz 16.888 Bendorf
5%
Nordrhein-Westfalen 10.623 Bestwig
5%
Nordrhein-Westfalen 13.103 Beverungen
5%
Hessen 10.048 Biebertal
5%
Nordrhein-Westfalen 11.597 Billerbeck
5%
Thüringen 10.327 Bleicherode
5%
Nordrhein-Westfalen 14.856 Burbach
5%
Hessen 16.453 Bürstadt
5%
Niedersachsen 11.176 Drochtersen
5%
Baden-Württemberg 12.093 Durmersheim
5%
Bayern 14.015 Eching
5%
Nordrhein-Westfalen 18.749 Eitorf
5%
Nordrhein-Westfalen 21.807 Elsdorf
5%
Hessen 13.692 Eppstein
5%
Bayern 11.999 Essenbach
5%
Hessen 10.669 Felsberg
5%
Sachsen 10.696 Flöha
5%
Hessen 16.854 Ginsheim-Gustavsburg
5%
Baden-Württemberg 10.760 Gottmadingen
5%
Bayern 13.766 Gräfelfing
5%
Bayern 13.775 Grafing b. München
5%
Nordrhein-Westfalen 14.753 Grefrath
5%
Nordrhein-Westfalen 16.083 Halver
5%
Nordrhein-Westfalen 11.943 Havixbeck
5%
Hessen 18.956 Heusenstamm
5%
Nordrhein-Westfalen 19.705 Hiddenhausen
5%
Nordrhein-Westfalen 14.958 Hückeswagen
5%
Nordrhein-Westfalen 13.032 Hüllhorst
5%
Nordrhein-Westfalen 13.471 Kalletal
5%
Nordrhein-Westfalen 12.548 Kerken
5%
Hessen 16.290 Kirchhain
5%
Bayern 18.532 Kolbermoor
5%
Schleswig-Holstein 11.993 Kronshagen
5%
Nordrhein-Westfalen 19.662 Kürten
5%
Hessen 14.127 Langenselbold
5%
Bayern 11.060 Lauingen (Donau)
5%
Baden-Württemberg 11.703 Leutenbach
5%
Rheinland-Pfalz 11.461 Limburgerhof
5%
Nordrhein-Westfalen 21.315 Lindlar
5%
Baden-Württemberg 11.897 Linkenheim-Hochstetten
5%
Schleswig-Holstein 10.864 Malente
5%
Sachsen 14.001 Meerane
5%
Baden-Württemberg 10.671 Meßstetten
5%
Bayern 20.165 Neufahrn b. Freising
5%
Hessen 20.601 Nidderau
5%
Rheinland-Pfalz 10.143 Nieder-Olm
5%
Nordrhein-Westfalen 17.001 Nümbrecht
5%
Nordrhein-Westfalen 19.662 Ochtrup
5%
Sachsen 10.951 Oelsnitz
5%
Sachsen 10.143 Oelsnitz
5%
Nordrhein-Westfalen 14.430 Olsberg
5%
Hessen 16.052 Petersberg
5%
Baden-Württemberg 10.377 Plankstadt
5%
Bayern 13.028 Plattling
5%
Bayern 16.041 Pocking
5%
Bayern 16.122 Poing
5%
Thüringen 11.842 Pößneck
5%
Schleswig-Holstein 15.952 Preetz
5%
Bayern 21.417 Puchheim
5%
Baden-Württemberg 11.879 Remchingen
5%
Niedersachsen 14.684 Ritterhude
5%
Nordrhein-Westfalen 13.298 Rommerskirchen
5%
Schleswig-Holstein 11.351 Scharbeutz
5%
Nordrhein-Westfalen 13.602 Schermbeck
5%
Saarland 16.048 Schmelz
5%
Nordrhein-Westfalen 10.137 Selfkant
5%
Nordrhein-Westfalen 15.404 Simmerath
5%
Baden-Württemberg 12.111 Teningen
5%
Bayern 12.952 Treuchtlingen
5%
Hessen 14.743 Usingen
5%
Hessen 18.207 Vellmar
5%
Bayern 12.203 Vilsbiburg
5%
Bayern 23.392 Waldkraiburg
5%
Nordrhein-Westfalen 11.150 Werther (Westf.)
5%
Niedersachsen 22.952 Westerstede
5%
Nordrhein-Westfalen 25.161 Wiehl
5%
Thüringen 16.350 Zeulenroda-Triebes
5%
Nordrhein-Westfalen 10.327 Altenberge
4%
Nordrhein-Westfalen 13.504 Bad Laasphe
4%
Bayern 10.434 Bad Staffelstein
4%
Nordrhein-Westfalen 12.152 Bad Wünnenberg
4%
Nordrhein-Westfalen 18.677 Bergneustadt
4%
Rheinland-Pfalz 10.096 Bobenheim-Roxheim
4%
Nordrhein-Westfalen 13.393 Borchen
4%
Nordrhein-Westfalen 15.745 Brüggen
4%
Bayern 13.273 Buchloe
4%
Bayern 13.687 Burglengenfeld
4%
Bayern 10.526 Dießen am Ammersee
4%
Nordrhein-Westfalen 11.783 Drolshagen
4%
Bayern 13.840 Eggenfelden
4%
Hessen 11.023 Eichenzell
4%
Nordrhein-Westfalen 12.162 Ense
4%
Hessen 15.187 Erlensee
4%
Nordrhein-Westfalen 11.069 Extertal
4%
Hessen 14.348 Freigericht
4%
Niedersachsen 13.016 Friedland
4%
Niedersachsen 22.368 Friesoythe
4%
Hessen 11.634 Geisenheim
4%
Bayern 22.451 Gersthofen
4%
Nordrhein-Westfalen 17.254 Gescher
4%
Hessen 14.622 Groß-Zimmern
4%
Hessen 12.528 Hadamar
4%
Schleswig-Holstein 17.944 Halstenbek
4%
Schleswig-Holstein 11.616 Harrislee
4%
Niedersachsen 14.154 Hatten
4%
Niedersachsen 18.974 Hemmingen
4%
Nordrhein-Westfalen 14.801 Hilchenbach
4%
Bayern 13.731 Hilpoltstein
4%
Bayern 12.380 Hirschaid
4%
Bayern 10.880 Höhenkirchen-Siegertsbrunn
4%
Nordrhein-Westfalen 20.344 Hörstel
4%
Nordrhein-Westfalen 16.281 Hövelhof
4%
Nordrhein-Westfalen 10.636 Isselburg
4%
Nordrhein-Westfalen 11.977 Issum
4%
Nordrhein-Westfalen 16.119 Kierspe
4%
Nordrhein-Westfalen 10.719 Kranenburg
4%
Nordrhein-Westfalen 17.444 Kreuzau
4%
Saarland 19.073 Lebach
4%
Niedersachsen 12.129 Lehre
4%
Hessen 14.220 Lohfelden
4%
Hessen 10.309 Lollar
4%
Bayern 12.639 Manching
4%
Bayern 11.213 Marktheidenfeld
4%
Bayern 11.787 Maxhütte-Haidhof
4%
Bayern 11.727 Meitingen
4%
Nordrhein-Westfalen 11.828 Mettingen
4%
Saarland 11.975 Mettlach
4%
Niedersachsen 23.567 Moormerland
4%
Nordrhein-Westfalen 10.138 Morsbach
4%
Nordrhein-Westfalen 23.081 Netphen
4%
Nordrhein-Westfalen 11.889 Neuenrade
4%
Bayern 22.335 Neusäß
4%
Niedersachsen 21.258 Neu Wulmstorf
4%
Nordrhein-Westfalen 10.001 Nideggen
4%
Hessen 14.756 Niedernhausen
4%
Hessen 11.149 Niestetal
4%
Nordrhein-Westfalen 17.142 Oerlinghausen
4%
Nordrhein-Westfalen 11.007 Ostbevern
4%
Saarland 14.285 Ottweiler
4%
Saarland 18.348 Püttlingen
4%
Nordrhein-Westfalen 11.431 Raesfeld
4%
Schleswig-Holstein 15.148 Ratekau
4%
Hessen 16.312 Raunheim
4%
Bayern 16.253 Regenstauf
4%
Schleswig-Holstein 14.372 Rellingen
4%
Nordrhein-Westfalen 10.754 Rosendahl
4%
Hessen 12.612 Roßdorf
4%
Saarland 13.242 Saarwellingen
4%
Nordrhein-Westfalen 10.294 Schalksmühle
4%
Niedersachsen 12.988 Scheeßel
4%
Schleswig-Holstein 19.332 Schenefeld
4%
Niedersachsen 14.339 Schiffdorf
4%
Saarland 15.516 Schiffweiler
4%
Nordrhein-Westfalen 13.128 Schleiden
4%
Thüringen 10.930 Schleusingen
4%
Hessen 11.918 Schöneck
4%
Niedersachsen 20.421 Schwanewede
4%
Schleswig-Holstein 13.762 Schwentinental
4%
Nordrhein-Westfalen 14.482 Spenge
4%
Niedersachsen 10.240 Steinfeld (Oldenburg)
4%
Nordrhein-Westfalen 13.020 Stemwede
4%
Nordrhein-Westfalen 18.749 Swisttal
4%
Schleswig-Holstein 14.066 Tornesch
4%
Nordrhein-Westfalen 13.107 Velen
4%
Nordrhein-Westfalen 21.603 Versmold
4%
Nordrhein-Westfalen 20.485 Wachtberg
4%
Sachsen 10.342 Weinböhla
4%
Nordrhein-Westfalen 11.833 Welver
4%
Nordrhein-Westfalen 17.657 Werdohl
4%
Bayern 10.157 Werneck
4%
Niedersachsen 20.129 Wildeshausen
4%
Sachsen 14.237 Wilsdruff
4%
Nordrhein-Westfalen 18.730 Windeck
4%
Niedersachsen 11.421 Wittingen
4%
Niedersachsen 13.822 Zeven
4%
Sachsen 11.927 Zwönitz
4%
Niedersachsen 10.524 Aerzen
3%
Niedersachsen 11.692 Apen
3%
Hessen 13.682 Aßlar
3%
Niedersachsen 10.636 Bad Iburg
3%
Niedersachsen 11.226 Bad Nenndorf
3%
Niedersachsen 13.139 Bad Salzdetfurth
3%
Schleswig-Holstein 12.824 Barsbüttel
3%
Niedersachsen 15.964 Bassum
3%
Saarland 14.889 Beckingen
3%
Niedersachsen 14.630 Bissendorf
3%
Hessen 20.471 Bruchköbel
3%
Schleswig-Holstein 10.466 Büdelsdorf
3%
Niedersachsen 13.073 Cremlingen
3%
Niedersachsen 17.241 Damme
3%
Bayern 10.521 Diedorf
3%
Hessen 11.489 Egelsbach
3%
Bayern 11.922 Eichenau
3%
Saarland 16.615 Eppelborn
3%
Bayern 12.720 Ergolding
3%
Nordrhein-Westfalen 12.576 Gangelt
3%
Niedersachsen 11.365 Geeste
3%
Bayern 19.159 Gilching
3%
Hessen 12.264 Gladenbach
3%
Schleswig-Holstein 18.466 Glinde
3%
Bayern 10.010 Goldbach
3%
Bayern 20.029 Gröbenzell
3%
Bayern 16.365 Großostheim
3%
Niedersachsen 13.029 Haselünne
3%
Saarland 18.062 Heusweiler
3%
Bayern 13.240 Hösbach
3%
Hessen 12.596 Hungen
3%
Bayern 10.251 Kaufering
3%
Nordrhein-Westfalen 11.485 Kirchhundem
3%
Saarland 10.818 Kleinblittersdorf
3%
Sachsen 10.349 Klipphausen
3%
Hessen 11.220 Kriftel
3%
Hessen 16.724 Künzell
3%
Nordrhein-Westfalen 14.028 Langerwehe
3%
Bayern 10.048 Lenggries
3%
Nordrhein-Westfalen 12.662 Linnich
3%
Saarland 16.038 Losheim am See
3%
Niedersachsen 16.311 Loxstedt
3%
Nordrhein-Westfalen 13.522 Marienheide
3%
Hessen 10.029 Mörlenbach
3%
Hessen 13.844 Mühltal
3%
Hessen 14.501 Neu-Anspach
3%
Bayern 14.785 Neubiberg
3%
Nordrhein-Westfalen 15.557 Niederkrüchten
3%
Nordrhein-Westfalen 10.572 Nörvenich
3%
Bayern 11.425 Peiting
3%
Bayern 16.514 Penzberg
3%
Hessen 18.138 Pohlheim
3%
Saarland 12.965 Quierschied
3%
Niedersachsen 22.704 Rastede
3%
Saarland 14.349 Rehlingen-Siersburg
3%
Nordrhein-Westfalen 18.600 Reichshof
3%
Saarland 14.366 Riegelsberg
3%
Bayern 13.169 Rödental
3%
Niedersachsen 24.393 Ronnenberg
3%
Hessen 12.565 Rosbach v. d. Höhe
3%
Niedersachsen 11.883 Rosdorf
3%
Nordrhein-Westfalen 10.420 Ruppichteroth
3%
Niedersachsen 20.381 Schortens
3%
Hessen 10.073 Schotten
3%
Niedersachsen 19.240 Seesen
3%
Niedersachsen 23.384 Sehnde
3%
Hessen 13.672 Solms
3%
Bayern 10.593 Stephanskirchen
3%
Niedersachsen 18.319 Südbrookmerland
3%
Niedersachsen 12.778 Sulingen
3%
Saarland 12.032 Tholey
3%
Niedersachsen 13.818 Tostedt
3%
Niedersachsen 12.367 Twistringen
3%
Schleswig-Holstein 18.567 Uetersen
3%
Nordrhein-Westfalen 12.654 Wadersloh
3%
Saarland 16.992 Wadgassen
3%
Nordrhein-Westfalen 19.553 Waldbröl
3%
Niedersachsen 23.048 Wallenhorst
3%
Nordrhein-Westfalen 19.609 Wenden
3%
Nordrhein-Westfalen 11.241 Westerkappeln
3%
Niedersachsen 13.236 Wiesmoor
3%
Nordrhein-Westfalen 20.086 Wilnsdorf
3%
Bayern 13.996 Abensberg
2%
Niedersachsen 10.853 Adendorf
2%
Nordrhein-Westfalen 13.787 Aldenhoven
2%
Bayern 10.149 Altusried
2%
Bayern 12.430 Bad Abbach
2%
Sachsen 11.104 Bannewitz
2%
Schleswig-Holstein 10.356 Barmstedt
2%
Niedersachsen 13.039 Barßel
2%
Niedersachsen 13.788 Belm
2%
Niedersachsen 12.687 Bohmte
2%
Niedersachsen 13.651 Bovenden
2%
Bayern 16.606 Bruckmühl
2%
Hessen 12.879 Buseck
2%
Hessen 14.829 Büttelborn
2%
Bayern 11.249 Cadolzburg
2%
Hessen 11.407 Dautphetal
2%
Bayern 14.515 Eckental
2%
Niedersachsen 22.453 Edewecht
2%
Niedersachsen 10.199 Emsbüren
2%
Niedersachsen 10.154 Friedeburg
2%
Bayern 12.182 Gaimersheim
2%
Niedersachsen 15.139 Garrel
2%
Niedersachsen 14.962 Gehrden
2%
Hessen 14.619 Gründau
2%
Hessen 14.401 Hainburg
2%
Bayern 11.094 Hallbergmoos
2%
Niedersachsen 10.422 Hambühren
2%
Niedersachsen 13.894 Harsefeld
2%
Bayern 11.703 Hauzenberg
2%
Niedersachsen 10.388 Hilter am Teutoburger Wald
2%
Hessen 10.479 Hünstetten
2%
Hessen 10.840 Hüttenberg
2%
Niedersachsen 21.738 Ilsede
2%
Bayern 10.648 Kirchseeon
2%
Saarland 10.039 Kirkel
2%
Niedersachsen 11.977 Krummhörn
2%
Niedersachsen 11.285 Langelsheim
2%
Hessen 11.690 Langgöns
2%
Niedersachsen 14.432 Langwedel
2%
Niedersachsen 13.356 Lengede
2%
Niedersachsen 13.477 Löningen
2%
Bayern 14.293 Maisach
2%
Saarland 10.478 Mandelbachtal
2%
Bayern 10.508 Markt Indersdorf
2%
Saarland 10.009 Marpingen
2%
Bayern 14.852 Mering
2%
Bayern 11.487 Mömbris
2%
Sachsen 11.057 Mülsen
2%
Niedersachsen 10.049 Neuenhaus
2%
Bayern 13.997 Neutraubling
2%
Nordrhein-Westfalen 14.113 Niederzier
2%
Niedersachsen 12.027 Nordstemmen
2%
Bayern 17.681 Oberasbach
2%
Hessen 10.194 Oberzent
2%
Sachsen 10.840 Olbernhau
2%
Bayern 11.764 Osterhofen
2%
Niedersachsen 12.957 Ottersberg
2%
Bayern 12.589 Peißenberg
2%
Bayern 11.472 Raubling
2%
Hessen 16.416 Reinheim
2%
Hessen 10.248 Reiskirchen
2%
Niedersachsen 18.212 Rhauderfehn
2%
Hessen 11.197 Rodenbach
2%
Bayern 10.010 Roßtal
2%
Hessen 10.456 Schauenburg
2%
Niedersachsen 12.876 Schüttorf
2%
Bayern 15.096 Stadtbergen
2%
Hessen 13.338 Trebur
2%
Bayern 11.295 Trostberg
2%
Saarland 11.379 Überherrn
2%
Niedersachsen 17.584 Vechelde
2%
Niedersachsen 15.946 Weener
2%
Bayern 15.757 Wendelstein
2%
Niedersachsen 14.017 Wennigsen (Deister)
2%
Schleswig-Holstein 13.439 Wentorf bei Hamburg
2%
Hessen 12.578 Wettenberg
2%
Niedersachsen 16.162 Wiefelstede
2%
Niedersachsen 11.813 Zetel
2%
Niedersachsen 13.545 Beverstedt
1%
Bayern 11.433 Burgthann
1%
Niedersachsen 12.435 Edemissen
1%
Niedersachsen 12.254 Emstek
1%
Bayern 11.473 Geisenfeld
1%
Niedersachsen 13.982 Großefehn
1%
Niedersachsen 16.027 Großenkneten
1%
Niedersachsen 11.379 Harsum
1%
Niedersachsen 11.016 Hasbergen
1%
Niedersachsen 12.467 Ihlow
1%
Bayern 10.601 Langenzenn
1%
Bayern 13.338 Lappersdorf
1%
Niedersachsen 11.318 Ostrhauderfehn
1%
Niedersachsen 13.701 Saterland
1%
Niedersachsen 11.594 Südheide
1%
Niedersachsen 11.817 Uplengen
1%
Niedersachsen 16.138 Wardenburg
1%
Niedersachsen 10.412 Wendeburg
1%
Niedersachsen 10.149 Werlte
1%
Niedersachsen 21.210 Westoverledingen
1%
Niedersachsen 12.336 Wietmarschen
1%
Bayern 11.658 Wolnzach
1%
Keine übereinstimmenden Quizze gefunden
Verteilung der Resultate
Anzahl Personen mit jedem Resultat
Perzentil nach korrekt beantworteten Fragen
Ihre Resultats-Entwicklung
Sie haben dieses Quiz noch nicht gespielt